| 000 | 00445nam a2200133Ia 4500 | ||
|---|---|---|---|
| 008 | 200903s9999 xx 000 0 und d | ||
| 020 | _a978-981-48-4675-2 | ||
| 100 | _aFroeb, Luke M. | ||
| 245 |
_cLuke M. Froeb, Brian T. McCann, Michael R. Ward, Mike Shor _aManagerial economics/ |
||
| 260 |
_aAustralia: _bCengage Learning Asia Pte Ltd. _c2019 |
||
| 300 |
_axvi, 332 pages _c23 cm. |
||
| 500 | _aIncludes index | ||
| 650 | _aManagerial economics | ||
| 999 |
_c364054 _d364054 |
||